| 000 | 00948nam a2200289 i 4500 | ||
|---|---|---|---|
| 001 | 000010711 | ||
| 003 | DO-SdBNP | ||
| 005 | 20250806132353.0 | ||
| 007 | ta | ||
| 008 | 091009s1979 dr 000 0 spa d | ||
| 040 |
_aDO-SdBNP _bspa _cBNPHU _erda |
||
| 041 | _aspa | ||
| 082 | 4 |
_a378.9273 _bS211p _222 |
|
| 100 | 1 |
_aSánchez Hernández, Antonio _d1942- _eautor _4aut. _91640 |
|
| 245 | 1 | 0 |
_aProblemática universitaria : _b1977 - 1978 / _cAntonio Sánchez Hernádez. |
| 264 |
_aSanto Domingo : _bUASD, _c1979. |
||
| 300 |
_a177 páginas ; _c20 cm. |
||
| 336 |
_atexto _btxt _2rdacontent |
||
| 337 |
_asin mediación _bn _2rdamedia |
||
| 338 |
_avolumen _bnc _2rdacarrier |
||
| 490 | 1 |
_aEducación y socieda _v286 |
|
| 500 | _aIncluye fe de errata | ||
| 610 | 1 | 4 |
_aUniversidad Autónoma de Santo Domingo _xHistoria _918294 |
| 710 | _aUniversidad Autónoma de Santo Domingo | ||
| 830 | 0 |
_aEducación y sociedad _v286 _917442 |
|
| 942 |
_2ddc _cLBS1 |
||
| 999 |
_c10466 _d10466 |
||